Vývoj pedagogických ideí v novém věku

Bibliographic Details
Main Author: Chlup, Otokar, 1875-1965 (Author)
Format: Book
Language:Czech
PhysicalDescription:203 s. 23 cm
Published: Brno Filosofická fakulta 1925
Series:Spisy Filosofické fakulty Masarykovy university v Brně
Subjects:

MARC

LEADER 00000nam a2200000 a 4500
001 vtls008483561
003 SK-MaSNL
005 20260302004331.0
008 240314s1925 xr g 000 0 cze
020 |q (brož.) 
035 |a SAVUKc059282 
040 |a SNK  |b slo  |c SNK  |e AACR2 
041 0 |a cze  |b eng 
044 |a xr  |c CS 
072 7 |a 37  |x Výchova a vzdelávanie  |2 konspekt 
080 |a 37.01  |2 2001 
080 |a 37.011.3-051  |2 2001 
080 |a (048.8)  |2 2001 
100 1 |a Chlup, Otokar,  |d 1875-1965  |4 aut  |9 104370 
245 1 0 |a Vývoj pedagogických ideí v novém věku  |c Otokar Chlup 
260 |a Brno  |b Filosofická fakulta  |c 1925  |e Brno  |f Polygrafie 
300 |a 203 s.  |c 23 cm 
490 1 |a Spisy Filosofické fakulty Masarykovy university v Brně  |v číslo 14 
504 |a Bibliogr. s. 202-203 
546 |a Res. angl. 
650 0 7 |a pedagogika  |2 SNKPH  |9 955 
650 0 7 |a pedagógovia  |2 SNKPH  |9 18561 
655 7 |a štúdie  |2 SNKPH  |9 57033 
830 0 |a Spisy Filosofické fakulty Masarykovy university v Brně  |9 621396 
999 |c 995510  |d 997440 
952 |a SNK  |b SNK  |y VYP  |7 0  |p 17A0662130  |o snkIC 62/14  |i snk2432/34  |0 0  |1 0  |4 0  |d 2010-06-08  |l 0  |r 2026-02-24 12:02:29  |w 2026-02-24